000 00414nam a2200181Ia 4500
003 0STCL
008 150530s9999 xx 000 0 und d
040 _aSTCL
_cSTCL
100 _aChacko, V.C.
245 _aGerman Kathakal I
250 _a1
260 _bNational Bookstall; Kottayam
_c1976
_aKottayam
300 _a0
546 _aMalayalam
942 _2ddc
_cBK
999 _c77263
_d77263
005 20220125171642.0